000 01202nam a2200361 i 4500
001 768714001
003 CO-MdFUSB
005 20260406120054.0
007 ta
008 250925t1984 -us |||g |||| 00| 0 eng d
020 _a0-00-599797-21-6
040 _aCO-MdFUSB
_bspa
_cCO-MdFUSB
_dCO-MdFUSBC
_erda
041 _aeng
082 _223
_a264.23
_bD847
100 _aDudley-Smith, Timothy.
_eautor
245 _aLift every heart :
_bcollected hymns, 1961-1983
_c/ Timothy Dudley Smith
264 1 _aIllinois, Estados Unidos :
_bCollins Liturgical Publications,
_c[1984]
264 4 _c©1984
300 _a306 páginas
_c; 21 cm
336 _2rdacontent
_atexto
_btxt
337 _2rdamedia
_asin mediación
_bn
338 _2rdacarrier
_avolumen
_bnc
500 _aTabla de contenido traducida por agencia catalogadora
505 _aIntroducción. -- Los himnos. -- Los poemas tempranos. -- Notas en los himnos. -- Apéndices e índices.
563 _arústico
653 _aHimnos cristianos
653 _aHimnarios ingleses
653 _aPoesía religiosa cristiana
653 _aLiturgia cristiana
942 _cBK
945 _aEstudiante Juan Eusse
999 _c71470
_d71470